|
|
|
|
| LEADER |
01263nam a2200325 a 4500 |
| 001 |
000075796 |
| 003 |
CZ BrMZK |
| 005 |
20090112115239.0 |
| 008 |
960713s1996 xr f cze d |
| 020 |
|
|
|a 80-7105-117-9
|
| 040 |
|
|
|a BOA001
|b cze
|
| 072 |
|
7 |
|a 631
|x Zemědělství. Pedologie. Agrotechnika. Agroekologie
|2 Konspekt
|9 24
|
| 080 |
|
|
|a 631.86/.87
|2 MRF
|
| 080 |
|
|
|a 631.8
|2 MRF
|
| 080 |
|
|
|a (036)
|2 MRF
|
| 100 |
1 |
|
|a Richter, Rostislav,
|d 1938-
|7 xx0001311
|4 aut
|
| 245 |
1 |
0 |
|a Organická hnojiva, jejich výroba a použití /
|c Rostislav Richter, Karel Římovský
|
| 250 |
|
|
|a Vyd. 1.
|
| 260 |
|
|
|a Praha :
|b Institut výchovy a vzdělávání Ministerstva zemědělství ČR,
|c 1996
|
| 300 |
|
|
|a 40 s. :
|b il. ;
|c 21 cm
|
| 490 |
1 |
|
|a Rostlinná výroba (zelená ř.)
|
| 500 |
|
|
|a Bibliogr.
|
| 650 |
0 |
7 |
|a organická hnojiva
|7 ph123786
|2 czenas
|
| 650 |
0 |
7 |
|a hnojení
|7 ph120767
|2 czenas
|
| 655 |
|
7 |
|a informační publikace
|7 fd132454
|2 czenas
|
| 700 |
1 |
|
|a Římovský, Karel
|7 mzk2005266299
|4 aut
|
| 830 |
|
0 |
|a Rostlinná výroba (Institut výchovy a vzdělávání Ministerstva zemědělství ČR)
|
| 910 |
|
|
|a BOA001
|b X-1022.271
|
| 990 |
|
|
|a BK
|
| 996 |
7 |
|
|b 2610038708
|c X-1022.271
|l MZK
|r Sklad / do 24 hodin
|n 16
|p p.v.
|w 000075796
|u 000010
|a 1
|e BOA001
|j MZK50
|s A
|